Statistiques concernant Les 20 préfectures les plus proches de Vannes

Cliquez ici pour prendre le quiz!

Statistiques générales

  • Ce quiz a été pris 79 fois
  • Le résultat moyen est 15 sur 20

Statistiques - réponses

distance (en km)ville préfecture% Correct
95.07Rennes
100%
103Nantes
97%
245Caen
95%
107Quimper
90%
167Angers
89%
95.22Saint-Brieuc
89%
149La Roche sur Yon
82%
155Laval
81%
224Le Mans
78%
261Tours
75%
346Rouen
74%
207La Rochelle
73%
264Poitiers
66%
229Niort
62%
204Saint-Lo
60%
328Chartres
55%
327Evreux
52%
229Alençon
51%
307Blois
51%
316Angoulême
42%

Distribution des résultats

Percentile par nombre de réponses

% des personnes avec chaque résultat

Votre développement - résultats

Vous n’avez pas pris ce quiz